000 00362cam a2200169ua 4500
020 _c1.00
041 _ahin
_h
082 _a891.43
_bBAG/NA
100 _aBagakiram, Narayanan .
245 _aNanna ki najir mam
260 _aDelhi :
_bRajikamal Prakash.
300 _a126 ; .
365 _a1.00
504 _a
942 _cBK
999 _c3406
_d3406